[Event "Albert Boxer Classic"]
[Site "Winnipeg CAN"]
[Date "2006.05.27"]
[Round "2"]
[White "Wasserman, Leor"]
[Black "Clory, Ron"]
[Result "1/2-1/2"]
[WhiteElo "1402"]
[BlackElo "1618"]
[PlyCount "65"]
[EventDate "2006.05.26"]
[EventType "swiss"]
[EventRounds "5"]
[EventCountry "CAN"]

1. e4 d6 2. d4 g6 3. Nf3 Bg7 4. Bc4 Nf6 5. Nc3 O-O 6. O-O c6 7. Be3 Bg4 8. h3
Bxf3 9. Qxf3 e5 10. dxe5 dxe5 11. Rad1 Qc7 12. Bg5 Nbd7 13. Qe3 Qb6 14. Qxb6
Nxb6 15. Bb3 h6 16. Bh4 Rad8 17. Bg3 Nh5 18. Bh2 Nf4 19. Bxf4 exf4 20. f3 Bd4+
21. Kh1 Rd7 22. Ne2 Be5 23. Rxd7 Nxd7 24. Rd1 Nc5 25. Bc4 b5 26. Bb3 Nxb3 27.
axb3 Re8 28. Rd6 Re6 29. Rd7 g5 30. Rd3 Kg7 31. g4 Kg6 32. Kg2 h5 33. Kf1
1/2-1/2

[Event "Albert Boxer Classic"]
[Site "Winnipeg CAN"]
[Date "2006.05.27"]
[Round "2"]
[White "Zaczek, Jonathan"]
[Black "Prince, Colin"]
[Result "1-0"]
[WhiteElo "2067"]
[BlackElo "1873"]
[PlyCount "123"]
[EventDate "2006.05.26"]
[EventType "swiss"]
[EventRounds "5"]
[EventCountry "CAN"]

1. e4 e5 2. Nf3 Nc6 3. Bb5 a6 4. Ba4 Nf6 5. O-O Be7 6. Re1 b5 7. Bb3 O-O 8. a4
Bb7 9. d3 d6 10. Nbd2 Qd7 11. Nf1 Na5 12. Ba2 c5 13. Bd2 Nc6 14. Ne3 g6 15. Nd5
Nxd5 16. Bxd5 Nd8 17. Bb3 Ne6 18. h3 Bc6 19. Bh6 Rfe8 20. axb5 axb5 21. Rxa8
Bxa8 22. c3 Bf8 23. Qd2 Bxh6 24. Qxh6 Qe7 25. Bxe6 fxe6 26. Nh2 Rf8 27. Ng4 Qg7
28. Qxg7+ Kxg7 29. Ra1 h5 30. Ra7+ Rf7 31. Rxa8 hxg4 32. hxg4 Rb7 33. Rd8 Rb6
34. g5 c4 35. Rd7+ Kf8 36. Kf1 b4 37. dxc4 bxc3 38. bxc3 Rc6 39. c5 Rxc5 40.
Rxd6 Ke7 41. Rd3 Rc8 42. Ke2 Rh8 43. Rh3 Rc8 44. Kd3 Kd6 45. Rh6 Rg8 46. Rh7
Kc6 47. Re7 Kd6 48. Rf7 Kc5 49. f3 Rd8+ 50. Kc2 Rg8 51. Ra7 Rh8 52. Kd3 Rh2 53.
g4 Rf2 54. Ke3 Rc2 55. Rg7 Rxc3+ 56. Kf2 Rc2+ 57. Kg3 Kd4 58. Rxg6 Ke3 59. Rxe6
Rc1 60. g6 Rg1+ 61. Kh4 Kxf3 62. Rf6+ 1-0

[Event "Albert Boxer Classic"]
[Site "Winnipeg CAN"]
[Date "2006.05.27"]
[Round "3"]
[White "Boron, Anthony"]
[Black "Zaczek, Jonathan"]
[Result "1/2-1/2"]
[WhiteElo "1962"]
[BlackElo "2067"]
[PlyCount "68"]
[EventDate "2006.05.26"]
[EventType "swiss"]
[EventRounds "5"]
[EventCountry "CAN"]

1. d4 Nf6 2. Nf3 g6 3. Nc3 d5 4. Bf4 Bg7 5. e3 Bg4 6. Be2 O-O 7. h3 Bxf3 8.
Bxf3 e6 9. g4 c6 10. h4 Nfd7 11. Qd2 e5 12. dxe5 Nxe5 13. Be2 Nbd7 14. O-O-O b5
15. Bg3 Qa5 16. Kb1 b4 17. Nxd5 cxd5 18. Qxd5 Qxd5 19. Rxd5 f6 20. h5 Nb6 21.
Rb5 Nc6 22. hxg6 hxg6 23. Bd6 Rfd8 24. Bc5 Bf8 25. Bxb6 axb6 26. Rxb6 Rac8 27.
Bc4+ Kg7 28. Rb7+ Ne7 29. Rxb4 Rc7 30. Bd3 Nd5 31. Rb3 Bc5 32. a3 Nb6 33. Rh2
Na4 34. Rh1 Nb6 1/2-1/2

[Event "Albert Boxer Classic"]
[Site "Winnipeg CAN"]
[Date "2006.05.27"]
[Round "3"]
[White "Clory, Ron"]
[Black "Green, Aaron"]
[Result "1-0"]
[WhiteElo "1618"]
[BlackElo "1346"]
[PlyCount "65"]
[EventDate "2006.05.26"]
[EventType "swiss"]
[EventRounds "5"]
[EventCountry "CAN"]

1. Nf3 Nf6 2. g3 g6 3. Bg2 Bg7 4. c4 d6 5. Nc3 O-O 6. O-O Nbd7 7. d4 e5 8. dxe5
Nxe5 9. Nxe5 dxe5 10. Qb3 c6 11. Bg5 h6 12. Bxf6 Bxf6 13. Ne4 Bg7 14. Rfd1 Qe7
15. h3 Rb8 16. Nd6 Rd8 17. c5 h5 18. Rd2 Qc7 19. Rad1 Bh6 20. e3 Be6 21. Qc3
Bg7 22. Qc2 Bf8 23. b4 Bg7 24. h4 Bg4 25. Re1 Be6 26. Red1 Bg4 27. Rc1 Bf8 28.
Ne4 Bg7 29. Rxd8+ Rxd8 30. Ng5 Bf6 31. Ne4 Bf5 32. Nxf6+ Kg7 33. Ne4 1-0

[Event "Albert Boxer Classic"]
[Site "Winnipeg CAN"]
[Date "2006.05.27"]
[Round "3"]
[White "Einarsson, Ken"]
[Black "Anderson, George"]
[Result "1-0"]
[WhiteElo "1657"]
[BlackElo "1509"]
[PlyCount "65"]
[EventDate "2006.05.26"]
[EventType "swiss"]
[EventRounds "5"]
[EventCountry "CAN"]

1. e4 a6 2. d4 b5 3. Nf3 Bb7 4. Bd3 Nf6 5. e5 Nd5 6. c4 bxc4 7. Bxc4 e6 8. O-O
c5 9. Qb3 Nb6 10. Nbd2 Nc6 11. d5 Na5 12. Qd3 Naxc4 13. Nxc4 Nxc4 14. Qxc4 Bxd5
15. Qf4 Rb8 16. Ng5 f6 17. exf6 Qxf6 18. Qxb8+ Ke7 19. Nh3 Qg6 20. Nf4 Qf5 21.
Qc8 Bc6 22. Re1 g5 23. Nxe6 Qg4 24. Nxf8+ Kd6 25. Qb8+ Kd5 26. Qe5+ Kc4 27. b3+
Kb5 28. a4+ Kb6 29. Nxd7+ Qxd7 30. Qxh8 Qg4 31. Qb8+ Bb7 32. Qg3 Qb4 33. Bxg5
1-0

[Event "Albert Boxer Classic"]
[Site "Winnipeg CAN"]
[Date "2006.05.27"]
[Round "3"]
[White "Gannon, Keith"]
[Black "Curtis, Rory"]
[Result "1-0"]
[WhiteElo "1526"]
[BlackElo "1688"]
[PlyCount "35"]
[EventDate "2006.05.26"]
[EventType "swiss"]
[EventRounds "5"]
[EventCountry "CAN"]

1. d4 d5 2. Nf3 Nf6 3. e3 c6 4. Be2 Bg4 5. O-O e6 6. Nbd2 Be7 7. c4 dxc4 8.
Nxc4 Nbd7 9. Nfe5 Bxe2 10. Qxe2 Nxe5 11. Nxe5 Qc7 12. e4 O-O 13. Bg5 Bd6 14.
Bxf6 gxf6 15. Ng4 Qe7 16. f4 e5 17. fxe5 fxe5 18. Nf6+ 1-0

[Event "Albert Boxer Classic"]
[Site "Winnipeg CAN"]
[Date "2006.05.27"]
[Round "3"]
[White "Gentes, Kevin"]
[Black "Cleto, Sam"]
[Result "1-0"]
[WhiteElo "2314"]
[BlackElo "1821"]
[PlyCount "29"]
[EventDate "2006.05.26"]
[EventType "swiss"]
[EventRounds "5"]
[EventCountry "CAN"]

1. c4 Nf6 2. Nf3 c5 3. Nc3 Nc6 4. g3 g6 5. d4 cxd4 6. Nxd4 Bg7 7. Nc2 Ng4 8. e4
d6 9. Nd5 O-O 10. Be2 Nf6 11. f3 e6 12. Nc3 e5 13. O-O Qb6+ 14. Be3 Qxb2 15.
Na4 1-0

[Event "Albert Boxer Classic"]
[Site "Winnipeg CAN"]
[Date "2006.05.27"]
[Round "3"]
[White "Joven, Perfecto"]
[Black "Plocek, Jaroslav"]
[Result "1-0"]
[WhiteElo "1804"]
[BlackElo "1488"]
[PlyCount "35"]
[EventDate "2006.05.26"]
[EventType "swiss"]
[EventRounds "5"]
[EventCountry "CAN"]

1. e4 e5 2. f4 d5 3. exd5 Qxd5 4. Nc3 Qa5 5. Nf3 Bd6 6. fxe5 Bxe5 7. Qe2 Bg4 8.
Qxe5+ Qxe5+ 9. Nxe5 Bf5 10. Bc4 Nh6 11. d3 f6 12. Bxh6 gxh6 13. O-O fxe5 14.
Rxf5 Nd7 15. Bf7+ Ke7 16. Bb3 Raf8 17. Raf1 Rf6 18. Nd5+ 1-0

[Event "Albert Boxer Classic"]
[Site "Winnipeg CAN"]
[Date "2006.05.27"]
[Round "3"]
[White "Khedkar, Jay"]
[Black "Rutter, Blair"]
[Result "1-0"]
[WhiteElo "1877"]
[BlackElo "1786"]
[PlyCount "59"]
[EventDate "2006.05.26"]
[EventType "swiss"]
[EventRounds "5"]
[EventCountry "CAN"]

1. e4 e6 2. d4 d5 3. Nd2 c5 4. exd5 exd5 5. Bb5+ Nc6 6. Qe2+ Be7 7. Ngf3 Nf6 8.
O-O O-O 9. Nb3 c4 10. Bxc6 cxb3 11. Ba4 bxc2 12. Bxc2 Re8 13. Qd3 Bg4 14. Ne5
Bh5 15. Be3 Bg6 16. Nxg6 hxg6 17. Ba4 Nd7 18. Bf4 a6 19. Rac1 b5 20. Bc7 Qc8
21. Bb3 Qb7 22. Qf3 Nf6 23. Be5 Rad8 24. Rc7 Qa8 25. Rfc1 Ne4 26. Qf4 f6 27.
Qxe4 Kf8 28. Qxg6 Rc8 29. Bxd5 Rxc7 30. Qf7# 1-0

[Event "Albert Boxer Classic"]
[Site "Winnipeg CAN"]
[Date "2006.05.27"]
[Round "3"]
[White "Oberton, Daniel"]
[Black "Kwiatek, Jordan"]
[Result "1-0"]
[WhiteElo "1740"]
[BlackElo "1855"]
[PlyCount "67"]
[EventDate "2006.05.26"]
[EventType "swiss"]
[EventRounds "5"]
[EventCountry "CAN"]

1. e4 d6 2. d4 Nf6 3. Nc3 g6 4. Bc4 Bg7 5. f4 O-O 6. Nf3 c5 7. O-O cxd4 8. Nxd4
Nc6 9. Nxc6 bxc6 10. Kh1 Nxe4 11. Nxe4 d5 12. Bd3 dxe4 13. Bxe4 Qb6 14. c3 Ba6
15. Re1 Rfd8 16. Qb3 Qa5 17. Be3 Rab8 18. Qc2 Bb7 19. Qf2 a6 20. Bb6 Qb5 21.
Bxd8 Rxd8 22. Rad1 Re8 23. Bf3 Bc8 24. Re2 Be6 25. Red2 Bxa2 26. Rd8 Rxd8 27.
Rxd8+ Bf8 28. Qe2 Qc5 29. Qxa6 Qf2 30. Qe2 Qc5 31. h3 e6 32. Qe5 Qe7 33. Qb8 c5
34. Re8 1-0

[Event "Albert Boxer Classic"]
[Site "Winnipeg CAN"]
[Date "2006.05.27"]
[Round "3"]
[White "Prince, Colin"]
[Black "Greenberg, Harley"]
[Result "0-1"]
[WhiteElo "1873"]
[BlackElo "1712"]
[PlyCount "52"]
[EventDate "2006.05.26"]
[EventType "swiss"]
[EventRounds "5"]
[EventCountry "CAN"]

1. e4 c5 2. Nf3 Nc6 3. d4 cxd4 4. Nxd4 Nf6 5. Nc3 e5 6. Ndb5 d6 7. Bg5 a6 8.
Na3 b5 9. Nd5 Be7 10. Bxf6 Bxf6 11. c3 O-O 12. h4 Rb8 13. Nc2 a5 14. Nce3 b4
15. g4 Bxh4 16. Nf5 Bxf5 17. gxf5 h6 18. Qf3 bxc3 19. bxc3 Rb2 20. Be2 Bg5 21.
f6 Bxf6 22. Rxh6 Bg5 23. Rh3 Bh4 24. Qh5 Qg5 25. Rxh4 Qg1+ 26. Bf1 Qxf2+ 0-1

[Event "Albert Boxer Classic"]
[Site "Winnipeg CAN"]
[Date "2006.05.27"]
[Round "3"]
[White "Proulx, Roy"]
[Black "Tang, Edward"]
[Result "0-1"]
[WhiteElo "1758"]
[BlackElo "2004"]
[PlyCount "41"]
[EventDate "2006.05.26"]
[EventType "swiss"]
[EventRounds "5"]
[EventCountry "CAN"]

1. e4 e5 2. Nf3 Nf6 3. Nc3 Nc6 4. d4 exd4 5. Nxd4 Bb4 6. Bg5 h6 7. Bxf6 Qxf6 8.
Ndb5 Ba5 9. Qd2 a6 10. Na3 b5 11. Nab1 O-O 12. Bd3 d5 13. exd5 Re8+ 14. Kf1 Ne5
15. Qe2 Bg4 16. Qe4 Nxd3 17. Qxd3 b4 18. Na4 Be2+ 19. Qxe2 Rxe2 20. Kxe2 Re8+
21. Kf1 0-1

[Event "Albert Boxer Classic"]
[Site "Winnipeg CAN"]
[Date "2006.05.27"]
[Round "3"]
[White "Rumpel, Chris"]
[Black "Bince, Rolando"]
[Result "0-1"]
[WhiteElo "1748"]
[BlackElo "1875"]
[PlyCount "89"]
[EventDate "2006.05.26"]
[EventType "swiss"]
[EventRounds "5"]
[EventCountry "CAN"]

1. d4 Nf6 2. c4 e6 3. Nc3 d5 4. Bg5 Be7 5. e3 b6 6. Bd3 Bb7 7. Nf3 Nbd7 8. h3
h6 9. Bf4 Ne4 10. O-O Nxc3 11. bxc3 Nf6 12. cxd5 Nxd5 13. Bh2 Nxc3 14. Qc2 Bb4
15. Rfc1 Bxf3 16. gxf3 Qg5+ 17. Kh1 Qd5 18. Be4 Nxe4 19. fxe4 Qg5 20. Qc6+ Ke7
21. Qxc7+ Kf8 22. Bd6+ Bxd6 23. Qxd6+ Kg8 24. Rc7 Qh5 25. Kh2 Kh7 26. Qf4 Rhf8
27. e5 b5 28. Rg1 a5 29. Qg3 g5 30. f4 Rac8 31. Rxc8 Rxc8 32. Qg2 Rc3 33. Qd2
b4 34. fxg5 hxg5 35. Rg4 Qg6 36. e4 Qh5 37. Qg2 Kh6 38. d5 exd5 39. exd5 Qg6
40. Re4 Rd3 41. e6 Rxd5 42. e7 Qd6+ 43. Kg1 Rd1+ 44. Kf2 Rd2+ 45. Ke1 0-1

[Event "Albert Boxer Classic"]
[Site "Winnipeg CAN"]
[Date "2006.05.27"]
[Round "3"]
[White "Schulz, Waldemar"]
[Black "Van Wyk, Joseph"]
[Result "0-1"]
[WhiteElo "2110"]
[BlackElo "1882"]
[PlyCount "57"]
[EventDate "2006.05.26"]
[EventType "swiss"]
[EventRounds "5"]
[EventCountry "CAN"]

1. d4 d5 2. c4 e6 3. g3 c5 4. cxd5 cxd4 5. Qxd4 Nc6 6. Qd1 exd5 7. Bg2 Nf6 8.
Nf3 Bc5 9. O-O O-O 10. Nc3 h6 11. Na4 Bd6 12. Be3 Re8 13. Bc5 Bxc5 14. Nxc5 Qe7
15. Rc1 Qxe2 16. Qb3 Ne5 17. Rc2 Nxf3+ 18. Bxf3 Qe7 19. Rfc1 b6 20. Re2 Qd8 21.
Rxe8+ Qxe8 22. Nd3 Be6 23. Nf4 Qd7 24. Qc2 Re8 25. Qc7 d4 26. Nxe6 fxe6 27. Qe5
Rd8 28. Qe1 e5 29. Rc6 0-1

[Event "Albert Boxer Classic"]
[Site "Winnipeg CAN"]
[Date "2006.05.27"]
[Round "3"]
[White "Vincent, Trevor"]
[Black "Kaptsan, Aron"]
[Result "1-0"]
[WhiteElo "2010"]
[BlackElo "1945"]
[PlyCount "47"]
[EventDate "2006.05.26"]
[EventType "swiss"]
[EventRounds "5"]
[EventCountry "CAN"]

1. c4 c5 2. g3 Nf6 3. Bg2 e6 4. Nf3 Qc7 5. O-O a6 6. Nc3 d6 7. e3 b6 8. Qe2 Bb7
9. b3 Be7 10. Bb2 Nbd7 11. Rac1 O-O 12. Rfd1 Rfe8 13. d4 cxd4 14. exd4 Bf8 15.
Ne1 Bxg2 16. Nxg2 Qb7 17. Nf4 Rac8 18. d5 e5 19. Nd3 b5 20. cxb5 axb5 21. Nb4
Rb8 22. Nc6 Ra8 23. b4 Ra6 24. Na5 1-0

[Event "Albert Boxer Classic"]
[Site "Winnipeg CAN"]
[Date "2006.05.28"]
[Round "4"]
[White "Bince, Rolando"]
[Black "Joven, Perfecto"]
[Result "1-0"]
[WhiteElo "1875"]
[BlackElo "1804"]
[PlyCount "55"]
[EventDate "2006.05.26"]
[EventType "swiss"]
[EventRounds "5"]
[EventCountry "CAN"]

1. e4 c5 2. Nf3 d6 3. d4 cxd4 4. Nxd4 Nf6 5. Nc3 a6 6. Bg5 e6 7. Qd2 Be7 8. Be2
b5 9. Bf3 Bb7 10. a3 Nbd7 11. e5 Bxf3 12. exf6 gxf6 13. gxf3 fxg5 14. Nc6 Qb6
15. Nxe7 Kxe7 16. Qxg5+ Kf8 17. O-O-O h6 18. Qf4 d5 19. Rhg1 Qxf2 20. Qd6+ Ke8
21. Nxd5 exd5 22. Rge1+ Kd8 23. Qxd5 Ra7 24. Qxf7 Kc8 25. Re8+ Rxe8 26. Qxe8+
Kb7 27. Rxd7+ Kb6 28. Qe6+ 1-0

[Event "Albert Boxer Classic"]
[Site "Winnipeg CAN"]
[Date "2006.05.28"]
[Round "4"]
[White "Boron, Anthony"]
[Black "Lipnowski, Samuel"]
[Result "0-1"]
[WhiteElo "1962"]
[BlackElo "2166"]
[PlyCount "106"]
[EventDate "2006.05.26"]
[EventType "swiss"]
[EventRounds "5"]
[EventCountry "CAN"]

1. e4 c5 2. Nf3 e6 3. d3 a6 4. g3 b5 5. Bg2 Bb7 6. O-O Nf6 7. Re1 Be7 8. Nbd2
O-O 9. Nf1 Nc6 10. h4 d6 11. N1h2 Qc7 12. Bg5 Rfe8 13. Bh3 Nd4 14. c3 Nxf3+ 15.
Nxf3 h6 16. Bxf6 Bxf6 17. Bg2 b4 18. Qc2 bxc3 19. bxc3 Qa5 20. Rab1 Rab8 21. c4
Bc6 22. Rxb8 Rxb8 23. Rb1 Rb4 24. Rxb4 Qxb4 25. Bf1 Ba4 26. Qe2 Bc3 27. e5 dxe5
28. Nxe5 Qb2 29. Qxb2 Bxb2 30. Ng4 Bc2 31. Ne3 Bb1 32. Nd1 Bd4 33. a3 Kf8 34.
Be2 Ke7 35. Kf1 Kd6 36. Ke1 Bc2 37. Ne3 Bc3+ 38. Kf1 Bb1 39. Nd1 Bd2 40. f4 Bc2
41. Kf2 Bc1 42. Ne3 Ba4 43. f5 Ke5 44. fxe6 fxe6 45. Kf3 Bxa3 46. Bd1 Bc6+ 47.
Ke2 Bc1 48. Bc2 Kd4 49. Ng4 h5 50. Nf2 Kc3 51. Kd1 Be3 52. Ne4+ Bxe4 53. dxe4
Bf2 0-1

[Event "Albert Boxer Classic"]
[Site "Winnipeg CAN"]
[Date "2006.05.28"]
[Round "4"]
[White "Cleto, Sam"]
[Black "Prince, Colin"]
[Result "1-0"]
[WhiteElo "1821"]
[BlackElo "1873"]
[PlyCount "58"]
[EventDate "2006.05.26"]
[EventType "swiss"]
[EventRounds "5"]
[EventCountry "CAN"]

1. Nf3 d5 2. d4 c5 3. g3 Bf5 4. Bg2 e6 5. O-O Nf6 6. Nh4 Bg6 7. Nc3 Nc6 8. Be3
Ng4 9. Bf3 Nxe3 10. fxe3 Be7 11. Ng2 h5 12. Nf4 h4 13. g4 Bh7 14. Kh1 g5 15.
Nh5 Bg6 16. e4 dxe4 17. Nxe4 Nxd4 18. Nhf6+ Kf8 19. c3 Nxf3 20. Rxf3 Bxf6 21.
Nxf6 Qe7 22. Qd2 Rg8 23. Qxg5 Rg7 24. Qxh4 Bh7 25. Qh6 Bg8 26. Nh5 Qg5 27. Qxe6
Rg6 28. Qf5 Rd8 29. Rg1 b6 1-0

[Event "Albert Boxer Classic"]
[Site "Winnipeg CAN"]
[Date "2006.05.28"]
[Round "4"]
[White "Clory, Ron"]
[Black "Schulz, Waldemar"]
[Result "1/2-1/2"]
[WhiteElo "1618"]
[BlackElo "2110"]
[PlyCount "70"]
[EventDate "2006.05.26"]
[EventType "swiss"]
[EventRounds "5"]
[EventCountry "CAN"]

1. Nf3 Nf6 2. d3 d5 3. g3 g6 4. Bg2 Bg7 5. O-O O-O 6. Nbd2 c5 7. e4 dxe4 8.
Nxe4 Nbd7 9. Re1 Re8 10. c3 Nxe4 11. dxe4 Qc7 12. Qc2 b6 13. Bg5 Bb7 14. Rad1
Rad8 15. Qe2 h6 16. Bc1 Nf8 17. Rd2 Rxd2 18. Nxd2 e5 19. Nf1 Nd7 20. Rd1 Nf6
21. Qc2 Rd8 22. Ne3 Rxd1+ 23. Nxd1 Qd6 24. Ne3 Kh7 25. h3 Bc8 26. b3 Be6 27.
Kh2 Qd7 28. c4 Ng8 29. Nd5 Ne7 30. Be3 Nc6 31. Qd2 Nd4 32. Bxd4 exd4 33. f4 Qd8
34. Qd3 Qd6 35. Qd2 Bd7 1/2-1/2

[Event "Albert Boxer Classic"]
[Site "Winnipeg CAN"]
[Date "2006.05.28"]
[Round "4"]
[White "Gannon, Keith"]
[Black "Rumpel, Chris"]
[Result "0-1"]
[WhiteElo "1526"]
[BlackElo "1748"]
[PlyCount "103"]
[EventDate "2006.05.26"]
[EventType "swiss"]
[EventRounds "5"]
[EventCountry "CAN"]

1. d4 d5 2. Nf3 Nf6 3. e3 Bf5 4. Nbd2 a6 5. c4 c6 6. Be2 b5 7. c5 h6 8. Ne5 Qc7
9. a3 Nbd7 10. Nxd7 Nxd7 11. Nf3 e5 12. O-O exd4 13. exd4 Be7 14. Re1 Nf6 15.
Bd2 O-O 16. a4 Ne4 17. axb5 Nxd2 18. Qxd2 axb5 19. b4 Bf6 20. Ra2 Ra7 21. Rea1
Rfa8 22. h3 Be4 23. Rxa7 Rxa7 24. Rxa7 Qxa7 25. Qb2 g5 26. Nd2 Bg6 27. Bf3 Bg7
28. Nb3 f5 29. g3 h5 30. Bg2 Bf6 31. Kh2 f4 32. g4 hxg4 33. hxg4 Qc7 34. Kg1
Qe7 35. Qd2 Qe6 36. Qd1 Be4 37. f3 Bg6 38. Na5 Be8 39. Nb3 Qe3+ 40. Kh1 Qc3 41.
Bf1 Qxb4 42. Be2 Qc3 43. Kg2 Qe3 44. Qd3 Qxd3 45. Bxd3 Kf7 46. Kf2 Ke7 47. Ke2
Kd7 48. Kd2 Kc7 49. Kc3 Kb7 50. Kb4 Ka6 51. Bc2 Bd8 52. Bd3 0-1

[Event "Albert Boxer Classic"]
[Site "Winnipeg CAN"]
[Date "2006.05.28"]
[Round "4"]
[White "Gentes, Kevin"]
[Black "Vincent, Trevor"]
[Result "1/2-1/2"]
[WhiteElo "2314"]
[BlackElo "2010"]
[PlyCount "85"]
[EventDate "2006.05.26"]
[EventType "swiss"]
[EventRounds "5"]
[EventCountry "CAN"]

1. c4 c5 2. g3 g6 3. Bg2 Bg7 4. Nc3 Nc6 5. e3 e5 6. a3 a5 7. Nge2 d6 8. b3 Nge7
9. Bb2 O-O 10. O-O Rb8 11. Qc2 Be6 12. Rad1 d5 13. cxd5 Nxd5 14. Ne4 b6 15. f4
Bg4 16. Rde1 Qd7 17. Nf2 Be6 18. Nd3 Nde7 19. Nxe5 Nxe5 20. Bxe5 Bxe5 21. fxe5
Qb5 22. Nc1 Nc6 23. Qc3 Rbc8 24. Rf4 Ne7 25. d3 Rfd8 26. a4 Qd7 27. Qb2 Nc6 28.
Rf2 Bd5 29. Bf1 Qe7 30. d4 cxd4 31. exd4 Qb4 32. Rd2 Bf3 33. Na2 Qe7 34. Re3
Bd5 35. Nc3 Be6 36. Ne4 Nb4 37. Nf6+ Kg7 38. Bg2 Qc7 39. Kf2 Nc2 40. Ree2 Nb4
41. Re3 Nc2 42. Ree2 Nb4 43. Re3 1/2-1/2

[Event "Albert Boxer Classic"]
[Site "Winnipeg CAN"]
[Date "2006.05.28"]
[Round "4"]
[White "Gibbons, Lorne"]
[Black "Wasserman, Leor"]
[Result "1-0"]
[WhiteElo "1288"]
[BlackElo "1402"]
[PlyCount "83"]
[EventDate "2006.05.26"]
[EventType "swiss"]
[EventRounds "5"]
[EventCountry "CAN"]

1. d4 d5 2. c4 e6 3. a3 Nf6 4. Nc3 c5 5. dxc5 Bxc5 6. b4 Be7 7. Nf3 O-O 8. Bf4
Nh5 9. Bg3 Nf6 10. c5 b6 11. cxb6 Qxb6 12. Qd4 Qxd4 13. Nxd4 Bb7 14. f3 a6 15.
e3 Nc6 16. Nb3 Rac8 17. Na2 Nh5 18. Bf2 Bf6 19. Rb1 Be7 20. Be2 Rfd8 21. O-O
Nf6 22. Rfd1 Ne5 23. Rdc1 Rc6 24. Na5 Rxc1+ 25. Rxc1 Ba8 26. Bxa6 Ned7 27. Bg3
Nf8 28. Bc7 Re8 29. b5 Bxa3 30. Rc3 Bb2 31. Rb3 Ba1 32. b6 N8d7 33. Rb1 Be5 34.
f4 Bxc7 35. bxc7 Nc5 36. Rb8 Nxa6 37. Rxe8+ Nxe8 38. c8=Q Nac7 39. Nb4 Kf8 40.
Na6 Nxa6 41. Qxa6 Nc7 42. Qc8+ 1-0

[Event "Albert Boxer Classic"]
[Site "Winnipeg CAN"]
[Date "2006.05.28"]
[Round "4"]
[White "Green, Jim"]
[Black "Einarsson, Ken"]
[Result "0-1"]
[WhiteElo "1679"]
[BlackElo "1657"]
[PlyCount "64"]
[EventDate "2006.05.26"]
[EventType "swiss"]
[EventRounds "5"]
[EventCountry "CAN"]

1. e4 e5 2. Nf3 Nc6 3. Bb5 a6 4. Bxc6 dxc6 5. h3 Bc5 6. O-O Qd6 7. d3 Nf6 8.
Nbd2 Be6 9. Ng5 h6 10. Nxe6 Qxe6 11. Nf3 O-O-O 12. b3 Nxe4 13. Qe1 Nd6 14. Bb2
e4 15. d4 Bb6 16. Nd2 Rhe8 17. c4 Nf5 18. c5 Ba5 19. Qe2 Nxd4 20. Bxd4 Rxd4 21.
b4 Bxb4 22. Nb3 Rd3 23. Rad1 Rd5 24. Nd4 Qf6 25. Qg4+ Kb8 26. Nb3 Rg5 27. Qd7
Qe7 28. Qd4 Bxc5 29. Nxc5 Qxc5 30. Qb2 e3 31. fxe3 Qxe3+ 32. Kh1 Qe2 0-1

[Event "Albert Boxer Classic"]
[Site "Winnipeg CAN"]
[Date "2006.05.28"]
[Round "4"]
[White "Kaptsan, Aron"]
[Black "Oberton, Daniel"]
[Result "1/2-1/2"]
[WhiteElo "1945"]
[BlackElo "1740"]
[PlyCount "65"]
[EventDate "2006.05.26"]
[EventType "swiss"]
[EventRounds "5"]
[EventCountry "CAN"]

1. d4 Nf6 2. c4 g6 3. Nc3 Bg7 4. e4 d6 5. Nf3 O-O 6. Be2 Nbd7 7. O-O e5 8. d5
Nc5 9. Nd2 a5 10. b3 c6 11. Ba3 Na6 12. dxc6 bxc6 13. Nf3 Nb4 14. Bb2 Qc7 15.
Qd2 Rd8 16. Rac1 Be6 17. a3 Na6 18. Qc2 Rab8 19. Na4 Nd7 20. Bc3 Nac5 21. Nxc5
Nxc5 22. b4 axb4 23. axb4 Nd7 24. Rb1 Nb6 25. Ba1 Ra8 26. Ng5 Qe7 27. Nxe6 Qxe6
28. c5 dxc5 29. bxc5 Nd7 30. Bc4 Qe7 31. Rb7 Rdb8 32. Rc7 Rc8 33. Rb7 1/2-1/2

[Event "Albert Boxer Classic"]
[Site "Winnipeg CAN"]
[Date "2006.05.28"]
[Round "4"]
[White "Kwiatek, Jordan"]
[Black "Rutter, Blair"]
[Result "1-0"]
[WhiteElo "1855"]
[BlackElo "1786"]
[PlyCount "167"]
[EventDate "2006.05.26"]
[EventType "swiss"]
[EventRounds "5"]
[EventCountry "CAN"]

1. d4 d5 2. c4 e6 3. Nc3 Nf6 4. cxd5 exd5 5. Bg5 Bb4 6. Qc2 Bg4 7. f3 Bh5 8. e3
Qe7 9. Bd3 h6 10. Bxf6 Qxe3+ 11. Kf1 O-O 12. Bh4 Qxd4 13. Bf2 Qe5 14. Re1 Qd6
15. Nge2 Nd7 16. Nd4 Rae8 17. Nf5 Rxe1+ 18. Bxe1 Qe6 19. Qe2 Nc5 20. Bc2 Qd7
21. Qe7 Qc8 22. Qe5 Ne6 23. Nxd5 Bd6 24. Qxd6 cxd6 25. Nfe7+ Kh8 26. Nxc8 Rxc8
27. Bb3 Bg6 28. Ne7 Bd3+ 29. Kf2 Rc1 30. h4 Rb1 31. Ke3 Bb5 32. Nf5 Rxb2 33.
Bd2 Kg8 34. Nxd6 Ba6 35. Rc1 b6 36. Rc2 Rb1 37. f4 Rg1 38. f5 Nc5 39. Bxf7+ Kf8
40. Bb4 Ke7 41. Bxc5 bxc5 42. Bc4 Kxd6 43. Bxa6 Re1+ 44. Kf4 Rd1 45. f6 gxf6
46. Kf5 Rd4 47. h5 Rd5+ 48. Kxf6 Rxh5 49. Kg6 Rh4 50. Rc4 Rh2 51. Bb7 Kc7 52.
Bf3 Kb6 53. Kf5 Kb5 54. Rf4 a5 55. Ke5 c4 56. Kd5 Kb4 57. Rxc4+ Ka3 58. Rc2 Rh4
59. Ke5 Kb4 60. g4 a4 61. Kf4 Rh3 62. Rg2 a3 63. Rg1 Kc3 64. Rb1 Rh2 65. Rb3+
Kc4 66. Rxa3 Kb4 67. Ra6 Kb5 68. Ra8 Kb4 69. Bd5 Rf2+ 70. Ke5 Kc5 71. Rc8+ Kb4
72. Rc6 Rh2 73. Kf5 h5 74. g5 Rf2+ 75. Kg6 h4 76. Rc4+ Kb5 77. Rxh4 Kc5 78. Bb3
Kd6 79. Re4 Rg2 80. Re6+ Kc5 81. Re5+ Kd6 82. Kf6 Rf2+ 83. Rf5 Rg2 84. g6 1-0

[Event "Albert Boxer Classic"]
[Site "Winnipeg CAN"]
[Date "2006.05.28"]
[Round "4"]
[White "Plocek, Jaroslav"]
[Black "Proulx, Roy"]
[Result "1-0"]
[WhiteElo "1488"]
[BlackElo "1758"]
[PlyCount "67"]
[EventDate "2006.05.26"]
[EventType "swiss"]
[EventRounds "5"]
[EventCountry "CAN"]

1. d4 d5 2. c4 e6 3. Nc3 Nf6 4. Nf3 Be7 5. Bf4 c6 6. e3 Nbd7 7. Bd3 O-O 8. O-O
dxc4 9. Bxc4 Nd5 10. Nxd5 exd5 11. Bd3 Nf6 12. Qc2 h6 13. Rac1 Be6 14. Ne5 Rc8
15. Qd2 Ne4 16. Qe2 c5 17. f3 Nf6 18. b3 cxd4 19. exd4 Qb6 20. Be3 Ba3 21. Rxc8
Rxc8 22. Kh1 Qb4 23. f4 Ne4 24. Bxe4 dxe4 25. h3 Qc3 26. f5 Bd5 27. f6 g5 28.
h4 Qb2 29. Qxb2 Bxb2 30. hxg5 hxg5 31. Rf5 Rc3 32. Rxg5+ Kf8 33. Bd2 Rc2 34.
Bb4+ 1-0

[Event "Albert Boxer Classic"]
[Site "Winnipeg CAN"]
[Date "2006.05.28"]
[Round "4"]
[White "Van Wyk, Joseph"]
[Black "Tang, Edward"]
[Result "1/2-1/2"]
[WhiteElo "1882"]
[BlackElo "2004"]
[PlyCount "37"]
[EventDate "2006.05.26"]
[EventType "swiss"]
[EventRounds "5"]
[EventCountry "CAN"]

1. e4 e5 2. Nf3 Nf6 3. Nc3 Nc6 4. d4 exd4 5. Nxd4 Bb4 6. Nxc6 bxc6 7. Bd2 O-O
8. Bd3 d5 9. e5 Ng4 10. O-O Qh4 11. Bf4 f6 12. Bg3 Qg5 13. exf6 Qxf6 14. h3 Nh6
15. Qh5 Bd6 16. Bxd6 cxd6 17. Rae1 Bf5 18. Bxf5 Qxf5 19. Qxf5 1/2-1/2